00611nam a22001817a 450000500170000001000150001702000260003203500140005803700090007208200130008124501160009425000060021026000700021627000540028630000260034070000350036670000280040120250610110644.0 aENG-145265 c600.00a9789354454479 aEN-128797 bDBAD a323.421 aLegal Dimension of Human Rights in the technological Realm/cEdited By Wasantha Seneviratne [and] Sourabh Ubale a1 aSri Lanka bThe Centre for the Study of Human Rights (CSHR)c2021 aFaculty of Law, University of ColombobSri Lanka  aviii, 240p.c29cm(pb) aSeneviratne, Wasantha eEditor aUbale, Sourabh eEditor